Mathematical Models of Distribution Channels

Mathematical Models of Distribution Channels identifies eight "Channel Myths" that characterize almost all analytical research on distribution channels. The authors prove that models that incorporate one or more Channel Myths generate distorted conclusions; they also develop a methodology...

Πλήρης περιγραφή

Λεπτομέρειες βιβλιογραφικής εγγραφής
Κύριοι συγγραφείς: Ingene, Charles A. (Συγγραφέας), Parry, Mark E. (Συγγραφέας)
Συγγραφή απο Οργανισμό/Αρχή: SpringerLink (Online service)
Μορφή: Ηλεκτρονική πηγή Ηλ. βιβλίο
Γλώσσα:English
Έκδοση: Boston, MA : Springer US, 2005.
Σειρά:International Series in Quantitative Marketing, 17
Θέματα:
Διαθέσιμο Online:Full Text via HEAL-Link
LEADER 04499nam a22005415i 4500
001 978-0-387-22790-0
003 DE-He213
005 20151204142426.0
007 cr nn 008mamaa
008 100301s2005 xxu| s |||| 0|eng d
020 |a 9780387227900  |9 978-0-387-22790-0 
024 7 |a 10.1007/b99585  |2 doi 
040 |d GrThAP 
050 4 |a HF4999.2-6182 
050 4 |a HD28-70 
072 7 |a KJ  |2 bicssc 
072 7 |a BUS042000  |2 bisacsh 
082 0 4 |a 650  |2 23 
100 1 |a Ingene, Charles A.  |e author. 
245 1 0 |a Mathematical Models of Distribution Channels  |h [electronic resource] /  |c by Charles A. Ingene, Mark E. Parry. 
264 1 |a Boston, MA :  |b Springer US,  |c 2005. 
300 |a XXV, 568 p.  |b online resource. 
336 |a text  |b txt  |2 rdacontent 
337 |a computer  |b c  |2 rdamedia 
338 |a online resource  |b cr  |2 rdacarrier 
347 |a text file  |b PDF  |2 rda 
490 1 |a International Series in Quantitative Marketing,  |x 0923-6716 ;  |v 17 
505 0 |a A Commentary on Distribution-Channels Modeling -- The Bilateral-Monopoly Model and Channel Myths -- Multiple (Exclusive) Retailers -- Multiple (Exclusive) States-of-Nature -- Toward a Manufacturer-Optimal Per-Unit Fee: A Channel-Coordinating Quantity-Discount Schedule -- The Manufacturer-Optimal Two-Part Tariff -- The Channel-Coordinating Menu -- Coordination versus Maximization: Theoretical Analyses -- Coordination versus Maximization: Graphical Analyses -- The Competing-Retailers Model with Channel Breadth -- Modeling a Change in Competitive Substitutability -- Towards a Unifying Theory of Distribution Channels. 
520 |a Mathematical Models of Distribution Channels identifies eight "Channel Myths" that characterize almost all analytical research on distribution channels. The authors prove that models that incorporate one or more Channel Myths generate distorted conclusions; they also develop a methodology that will enable researchers to avoid falling under the influence of any Channel Myth. At the heart of their analysis is a single-manufacturer/multiple-retailer meta-model that embraces any degree of inter-retailer competition and any distribution of market shares. In Chapters 1 and 2 the authors provide an introduction to the current, analytical literature on distribution channels, and they present an intuitively appealing prologue to the Channel Myths that are developed rigorously in later Chapters. In Chapters 3, 4, and 10 they extend the literature by ascertaining the relationship between the manufacturer-optimal wholesale-price strategy and channel breadth. Specific analyses include multiple, non-competing retailers, multiple states-of-nature, and multiple, competing retailers. In Chapters 5-7 the authors determine the profitability of various wholesale-price strategies; this analysis culminates in Chapters 8 and 9 with the determination of the (very limited) conditions under which channel coordination can be optimal for the manufacturer. In Chapter 11 they prove that existing methods of measuring the effect of a change in the degree of inter-retailer substitutability are totally misleading. They then develop an original, theoretical basis for measuring the impact of a change in the degree of inter-retailer substitutability that yields insightful, intuitively appealing results. In Chapter 12 the authors set forth an agenda for future research based on a meta-model that embraces all existing models in the literature. They also issue an appeal for creation of a "Unifying Theory of Distribution Channels" that will enable researchers to work independently and yet to contribute toward the common goal of deepening the marketing science professions’ understanding of distribution channels. 
650 0 |a Business. 
650 0 |a Management science. 
650 0 |a Marketing. 
650 0 |a Operations research. 
650 0 |a Decision making. 
650 0 |a Microeconomics. 
650 1 4 |a Business and Management. 
650 2 4 |a Business and Management, general. 
650 2 4 |a Marketing. 
650 2 4 |a Microeconomics. 
650 2 4 |a Operation Research/Decision Theory. 
700 1 |a Parry, Mark E.  |e author. 
710 2 |a SpringerLink (Online service) 
773 0 |t Springer eBooks 
776 0 8 |i Printed edition:  |z 9781402071638 
830 0 |a International Series in Quantitative Marketing,  |x 0923-6716 ;  |v 17 
856 4 0 |u http://dx.doi.org/10.1007/b99585  |z Full Text via HEAL-Link 
912 |a ZDB-2-SBE 
950 |a Business and Economics (Springer-11643)